| 000 | 00462nam a2200169Ia 4500 | ||
|---|---|---|---|
| 008 | 180207s9999 xx 000 0 und d | ||
| 050 | _bH386 1975 | ||
| 100 | _aHaven, Susan Perkis | ||
| 245 | _aFrom start to finish / | ||
| 245 | _cby Susan Perkis Haven ; illustrated by Jackie Geyer. | ||
| 260 | _aNew York : | ||
| 260 | _bMacmillan Publishing Co., Inc., | ||
| 260 | _c1975 | ||
| 300 | _a32 pages : | ||
| 300 | _bcolor illustration ; | ||
| 300 | _c19cm. | ||
| 999 |
_c355541 _d355541 |
||